000 00664nam a22002177a 4500
003 koha_MIRAKIL
005 20250509122147.0
008 250509b tur||||| |||| 00| 0 tur d
020 _a9786254181078
040 _aTR-IsEVY
_btur
_cTR-IsEVY
041 _atur
082 _aFIC ÇAK/E
100 _aÇakman, Koray Avcı
245 0 _aEjderha hapşırığı /
_cKoray Avcı Çakman ; resimleyen Öykü Akarca.
250 _a5. bs.
260 _aİstanbul:
_bKırmızı Kedi Yayınevi,
_c2024.
300 _a30 s. :
_brenkli resimli;
_c22 cm.
650 _aÇocuk edebiyatı.
_vÇocuk Hikayeleri.
700 1 _aAkarca, Öykü.
_cresimleyen.
942 _2ddc
_cBK
999 _c22219
_d22219